| 000 | 01116nam a22003371 4500 | ||
|---|---|---|---|
| 001 | 20605 | ||
| 003 | CZ PrNK | ||
| 005 | 20260127122116.0 | ||
| 007 | ta | ||
| 008 | 011020s1963 xo g 000 f slo | ||
| 020 | _q(Váz.) | ||
| 040 |
_aABA001 _bcze _cABA001 _dABA001 |
||
| 041 | 1 |
_aslo _hrus |
|
| 072 | 7 |
_a821.161.1 _xRuská literatura, rusky psaná _2Konspekt |
|
| 080 |
_a821.161.1-31 _2MRF |
||
| 080 |
_a(0:82-31) _2MRF |
||
| 100 | 1 |
_aDostojevskij, Fedor Michajlovič, _d1821-1881 _4aut |
|
| 240 | 1 | 0 |
_aIdiot. _lSlovensky |
| 245 | 1 | 0 |
_aIdiot / _cFëdor Michajlovič Dostojevskij ; [preložila: Mária Rázusová-Martáková] |
| 250 | _a2. vyd. | ||
| 260 |
_aBratislava : _bSlovenské vydavateľstvo krásnej literatúry, _c1963 |
||
| 300 |
_a594 s. ; _c8° |
||
| 490 | 1 |
_aSvetová tvorba ; _vzv. 8 |
|
| 500 | _aPřeloženo z ruštiny | ||
| 655 | 7 |
_aruské romány _2czenas |
|
| 655 | 9 |
_aRussian fiction _2eczenas |
|
| 700 | 1 |
_aRázusová-Martáková, Mária, _d1905-1964 _4trl |
|
| 830 | 0 | _aSvetová tvorba (Slovenské vydavateľstvo krásnej literatúry) | |
| 910 | _aABA001 | ||
| 942 |
_2ddc _cKLDO _n0 |
||
| 999 |
_c20605 _d20605 |
||